Brief Introduction to the Tangible and Intangible Culture, (Record no. 9570)

MARC details
000 -LEADER
fixed length control field 00479nam a22001577a 4500
008 - FIXED-LENGTH DATA ELEMENTS--GENERAL INFORMATION
fixed length control field 230519b |||||||| |||| 00| 0 eng d
020 ## - INTERNATIONAL STANDARD BOOK NUMBER
International Standard Book Number 978-99936-622-3-5
082 ## - DEWEY DECIMAL CLASSIFICATION NUMBER
Classification number 954.98
100 ## - MAIN ENTRY--PERSONAL NAME
Personal name The National Museum of Bhutan
245 ## - TITLE STATEMENT
Title Brief Introduction to the Tangible and Intangible Culture,
Remainder of title The proceedings of the second colloquium
250 ## - EDITION STATEMENT
Edition statement 3rd edition
260 ## - PUBLICATION, DISTRIBUTION, ETC.
Date of publication, distribution, etc. 2016
300 ## - PHYSICAL DESCRIPTION
Extent 80 p.
Dimensions 23 cm
942 ## - Added entry Elements (Koha)
Source of classification or shelving scheme Dewey Decimal Classification
Holdings
Withdrawn status Lost status Source of classification or shelving scheme Damaged status Not for loan Collection code Home library Current library Shelving location Date acquired Serial Enumeration / chronology Total Checkouts Full call number Barcode Date last seen Price effective from Koha item type
    Dewey Decimal Classification     Main TEST RTC Library RTC Library Main opac 19/05/2023 177417   954.98 NMB 30018807 10/10/2023 19/05/2023 Main
Royal Thimphu College || All Right Reserved